| 000 | 00933nac a22002291u 4500 | ||
|---|---|---|---|
| 010 | _a 90117624 | ||
| 020 | _a0333746783: | ||
| 020 | _a0333746791 : | ||
| 082 |
_a330.91724 20 _bT446 |
||
| 090 |
_c4620 _d4620 |
||
| 100 | _aThirlwall, A. P. | ||
| 245 | 1 | 0 |
_aGrowth and development, with special reference to developing economies / _cA.P. Thirlwall. |
| 250 | _a6th ed. | ||
| 260 |
_aHoundmills, Basingstoke, Hampshire : _bMacmillan,1999. _c1999. |
||
| 300 |
_axv, 521 p. : _bill. ; _c25 cm. |
||
| 500 | _a Previous ed.: Basingstoke : Macmillan Educational, 1989. | ||
| 504 | _aBibliography: p489-506.and Includes index | ||
| 650 | 0 | _aEconomic development. | |
| 651 | 0 |
_aDeveloping countries _xEconomic conditions. |
|
| 942 |
_cBB _k330.91724 20 T446 |
||
| 999 |
_c4620 _d4620 |
||